[Event "9th Vellmar Chess Days"]
[Site "chess24.com"]
[Date "2017.07.16"]
[Round "7"]
[White "Gerhardt, Dirk"]
[Black "Hoffmann, Lennard"]
[Result "1/2-1/2"]
[Board "29"]
[WhiteElo "1878"]
[WhiteCountry "GER"]
[WhiteFideId "4665139"]
[WhiteEloChange "3"]
[BlackElo "1990"]
[BlackCountry "GER"]
[BlackFideId "12943495"]
[BlackEloChange "-3"]

1. d4 {[%clk 1:27:48]} f5 {[%clk 1:29:10]} 2. Nf3 {[%clk 1:26:32]} Nf6 {[%clk
1:29:24]} 3. c3 {[%clk 1:26:51]} g6 {[%clk 1:28:07]} 4. Bg5 {[%clk 1:25:57]} Bg7
{[%clk 1:27:42]} 5. Nbd2 {[%clk 1:24:02]} O-O {[%clk 1:25:13]} 6. Bxf6 {[%clk
1:21:51]} exf6 {[%clk 1:20:38]} 7. e3 {[%clk 1:22:13]} Re8 {[%clk 1:19:09]} 8.
Qb3+ {[%clk 1:19:41]} Kh8 {[%clk 1:17:24]} 9. g3 {[%clk 1:19:48]} Nc6 {[%clk
1:15:47]} 10. Bg2 {[%clk 1:19:54]} b6 {[%clk 1:13:55]} 11. d5 {[%clk 1:16:07]}
Ne5 {[%clk 1:05:54]} 12. O-O {[%clk 1:10:55]} Bb7 {[%clk 1:03:58]} 13. Nd4 {[%clk
1:09:51]} Nd3 {[%clk 0:58:24]} 14. Qc2 {[%clk 1:06:28]} Ne5 {[%clk 0:54:31]} 15.
b4 {[%clk 1:06:36]} c5 {[%clk 0:52:36]} 16. Nb5 {[%clk 1:03:19]} d6 {[%clk
0:50:31]} 17. bxc5 {[%clk 1:01:53]} dxc5 {[%clk 0:44:56]} 18. c4 {[%clk 0:56:51]}
a6 {[%clk 0:42:45]} 19. Nc3 {[%clk 0:57:18]} b5 {[%clk 0:33:21]} 20. cxb5 {[%clk
0:57:20]} axb5 {[%clk 0:33:48]} 21. Nxb5 {[%clk 0:57:27]} Bxd5 {[%clk 0:33:04]}
22. Bxd5 {[%clk 0:57:12]} Qxd5 {[%clk 0:33:23]} 23. Nc7 {[%clk 0:57:27]} Qxd2
{[%clk 0:33:42]} 24. Qxd2 {[%clk 0:57:00]} Nf3+ {[%clk 0:34:11]} 25. Kg2 {[%clk
0:54:44]} Nxd2 {[%clk 0:34:39]} 26. Rfd1 {[%clk 0:54:56]} Ne4 {[%clk 0:33:47]}
27. Nxe8 {[%clk 0:54:40]} Rxe8 {[%clk 0:34:07]} 28. a4 {[%clk 0:54:38]} f4 {[%clk
0:31:19]} 29. gxf4 {[%clk 0:53:53]} f5 {[%clk 0:31:31]} 30. Rac1 {[%clk 0:52:59]}
Nc3 {[%clk 0:30:31]} 31. Rd7 {[%clk 0:52:07]} Nxa4 {[%clk 0:29:28]} 32. Ra7
{[%clk 0:52:11]} Nc3 {[%clk 0:29:18]} 33. Rxg7 {[%clk 0:50:49]} Kxg7 {[%clk
0:26:57]} 34. Rxc3 {[%clk 0:49:45]} Rc8 {[%clk 0:27:12]} 35. f3 {[%clk 0:50:00]}
Kf6 {[%clk 0:26:00]} 36. e4 {[%clk 0:50:29]} Ke6 {[%clk 0:25:29]} 37. Kf2 {[%clk
0:49:46]} Kd6 {[%clk 0:24:30]} 38. Ke3 {[%clk 0:50:06]} Kc6 {[%clk 0:24:33]} 39.
Kd2 {[%clk 0:45:13]} Kb5 {[%clk 0:23:00]} 40. e5 {[%clk 0:43:50]} c4 {[%clk
0:20:34]} 41. Re3 {[%clk 0:43:48]} Kc5 {[%clk 0:19:25]} 42. Kc3 {[%clk 0:37:04]}
Re8 {[%clk 0:15:17]} 43. Re1 {[%clk 0:36:01]} Re7 {[%clk 0:13:03]} 44. h4 {[%clk
0:36:00]} h6 {[%clk 0:12:17]} 45. Rg1 {[%clk 0:33:32]} Rd7 {[%clk 0:00:42]} 46.
Re1 {[%clk 0:29:56]} Re7 {[%clk 0:29:30]} 47. Ra1 {[%clk 1:00:59]} Rd7 {[%clk
0:15:04]} 48. Ra5+ {[%clk 0:59:54]} Kb6 {[%clk 0:14:50]} 49. e6 {[%clk 0:59:59]}
Re7 {[%clk 0:11:44]} 50. Re5 {[%clk 1:00:19]} Kc6 {[%clk 0:12:10]} 51. Kxc4
{[%clk 0:51:31]} Kd6 {[%clk 0:12:12]} 52. h5 {[%clk 0:50:35]} gxh5 {[%clk
0:07:02]} 53. Rxf5 {[%clk 0:50:44]} Kxe6 {[%clk 0:06:55]} 54. Rxh5 {[%clk
0:50:53]} Rh7 {[%clk 0:06:45]} 55. Kd4 {[%clk 0:51:02]} Kf6 {[%clk 0:06:00]} 56.
Ke4 {[%clk 0:48:33]} Kg6 {[%clk 0:05:53]} 57. Re5 {[%clk 0:48:33]} h5 {[%clk
0:05:49]} 58. f5+ {[%clk 0:48:24]} Kf6 {[%clk 0:05:57]} 59. Re6+ {[%clk 0:48:35]}
Kf7 {[%clk 0:06:17]} 60. Ra6 {[%clk 0:47:56]} Rh8 {[%clk 0:06:14]} 61. Ke5 {[%clk
0:47:45]} Re8+ {[%clk 0:05:55]} 62. Kf4 {[%clk 0:48:12]} Re1 {[%clk 0:05:08]} 63.
Kg5 {[%clk 0:47:01]} Rg1+ {[%clk 0:05:06]} 64. Kxh5 {[%clk 0:47:08]} Rg3 {[%clk
0:05:05]} 65. f4 {[%clk 0:46:04]} Rg1 {[%clk 0:05:31]} 66. Kh4 {[%clk 0:42:56]}
Rh1+ {[%clk 0:05:59]} 67. Kg3 {[%clk 0:43:00]} Rg1+ {[%clk 0:06:21]} 68. Kf2
{[%clk 0:42:42]} Rb1 {[%clk 0:06:48]} 69. Kf3 {[%clk 0:42:36]} Rf1+ {[%clk
0:06:57]} 70. Ke3 {[%clk 0:41:02]} Re1+ {[%clk 0:07:22]} 71. Kf2 {[%clk 0:41:22]}
Rb1 {[%clk 0:07:40]} 72. Re6 {[%clk 0:41:42]} Rb2+ {[%clk 0:07:35]} 73. Kf3
{[%clk 0:41:50]} Rb1 {[%clk 0:07:49]} 74. Rd6 {[%clk 0:38:03]} Rf1+ {[%clk
0:08:09]} 75. Ke3 {[%clk 0:36:55]} Re1+ {[%clk 0:08:32]} 76. Kf2 {[%clk 0:37:18]}
Ra1 {[%clk 0:08:39]} 77. f6 {[%clk 0:37:35]} Ra3 {[%clk 0:08:54]} 78. Ke2 {[%clk
0:36:28]} Rb3 {[%clk 0:08:59]} 1/2-1/2

[Event "9th Vellmar Chess Days"]
[Site "chess24.com"]
[Date "2017.07.16"]
[Round "7"]
[White "Lange, Lars"]
[Black "Reitz, Philipp"]
[Result "0-1"]
[Board "30"]
[WhiteElo "1733"]
[WhiteCountry "GER"]
[WhiteFideId "16217900"]
[WhiteEloChange "-4"]
[BlackElo "1976"]
[BlackCountry "GER"]
[BlackFideId "12973297"]
[BlackEloChange "4"]

1. d4 {[%clk 1:30:29]} Nf6 {[%clk 1:30:52]} 2. c4 {[%clk 1:30:14]} e6 {[%clk
1:31:17]} 3. Nf3 {[%clk 1:30:15]} d5 {[%clk 1:31:43]} 4. Nc3 {[%clk 1:30:04]} Bb4
{[%clk 1:32:06]} 5. Qc2 {[%clk 1:28:18]} c5 {[%clk 1:30:07]} 6. a3 {[%clk
1:25:33]} Bxc3+ {[%clk 1:27:17]} 7. bxc3 {[%clk 1:23:47]} O-O {[%clk 1:25:25]} 8.
Bg5 {[%clk 1:22:46]} Nbd7 {[%clk 1:25:40]} 9. e3 {[%clk 1:22:02]} Qa5 {[%clk
1:24:14]} 10. Bxf6 {[%clk 1:14:28]} Nxf6 {[%clk 1:24:35]} 11. Nd2 {[%clk
1:14:47]} Bd7 {[%clk 1:21:51]} 12. cxd5 {[%clk 1:08:52]} exd5 {[%clk 1:20:09]}
13. Nb3 {[%clk 1:07:47]} Qa4 {[%clk 1:18:04]} 14. Bd3 {[%clk 1:05:06]} cxd4
{[%clk 1:13:25]} 15. cxd4 {[%clk 1:03:48]} Rac8 {[%clk 1:12:00]} 16. Qb2 {[%clk
1:03:13]} Bb5 {[%clk 1:11:09]} 17. Nc5 {[%clk 0:51:51]} Rxc5 {[%clk 1:07:51]} 18.
Bxh7+ {[%clk 0:51:02]} Kxh7 {[%clk 1:08:11]} 19. dxc5 {[%clk 0:50:42]} Ne4 {[%clk
1:07:54]} 20. Qb4 {[%clk 0:48:27]} Qc2 {[%clk 1:07:31]} 0-1

[Event "9th Vellmar Chess Days"]
[Site "chess24.com"]
[Date "2017.07.16"]
[Round "7"]
[White "Vergin, Marcel"]
[Black "Oezdemir, Ali Oezden"]
[Result "1/2-1/2"]
[Board "31"]
[WhiteElo "1777"]
[WhiteCountry "GER"]
[WhiteFideId "12946010"]
[WhiteEloChange "6"]
[BlackElo "1997"]
[BlackCountry "GER"]
[BlackFideId "12952745"]
[BlackEloChange "-6"]

1. d4 {[%clk 1:30:55]} Nf6 {[%clk 1:30:59]} 2. Nf3 {[%clk 1:31:15]} g6 {[%clk
1:31:25]} 3. Bf4 {[%clk 1:31:32]} Bg7 {[%clk 1:31:50]} 4. Nbd2 {[%clk 1:31:56]}
O-O {[%clk 1:32:15]} 5. e4 {[%clk 1:31:53]} d6 {[%clk 1:32:30]} 6. h3 {[%clk
1:31:17]} Nbd7 {[%clk 1:32:49]} 7. c3 {[%clk 1:31:07]} c5 {[%clk 1:26:47]} 8. e5
{[%clk 1:28:29]} Nd5 {[%clk 1:25:37]} 9. Bh2 {[%clk 1:27:34]} cxd4 {[%clk
1:25:47]} 10. cxd4 {[%clk 1:26:21]} dxe5 {[%clk 1:26:14]} 11. dxe5 {[%clk
1:25:43]} Nc5 {[%clk 1:22:14]} 12. Rc1 {[%clk 1:19:30]} Ne6 {[%clk 1:19:32]} 13.
Bc4 {[%clk 1:17:03]} Nb6 {[%clk 1:19:45]} 14. Bb3 {[%clk 1:16:15]} Nd4 {[%clk
1:16:43]} 15. Nxd4 {[%clk 1:13:45]} Qxd4 {[%clk 1:17:11]} 16. Nc4 {[%clk
1:14:03]} Qe4+ {[%clk 1:16:48]} 17. Kf1 {[%clk 1:12:31]} Nxc4 {[%clk 0:55:21]}
18. Rxc4 {[%clk 1:10:17]} Qf5 {[%clk 0:55:46]} 19. g4 {[%clk 1:07:41]} Qd7 {[%clk
0:55:59]} 20. Qxd7 {[%clk 1:03:30]} Bxd7 {[%clk 0:56:27]} 21. Rc2 {[%clk
1:00:30]} Rac8 {[%clk 0:47:22]} 22. Rxc8 {[%clk 0:59:56]} Rxc8 {[%clk 0:47:51]}
23. Ke2 {[%clk 0:59:37]} Bb5+ {[%clk 0:47:32]} 24. Ke3 {[%clk 0:58:05]} e6 {[%clk
0:47:22]} 25. Rd1 {[%clk 0:56:22]} Bf8 {[%clk 0:47:40]} 26. f4 {[%clk 0:50:29]}
Bc5+ {[%clk 0:48:00]} 27. Kf3 {[%clk 0:50:04]} Bc6+ {[%clk 0:46:23]} 1/2-1/2

[Event "9th Vellmar Chess Days"]
[Site "chess24.com"]
[Date "2017.07.16"]
[Round "7"]
[White "Kobs, Stephan"]
[Black "Woellenstein, Sebastian"]
[Result "1/2-1/2"]
[Board "32"]
[WhiteElo "1938"]
[WhiteCountry "GER"]
[WhiteFideId "4684656"]
[WhiteEloChange "-5"]
[BlackElo "1736"]
[BlackCountry "GER"]
[BlackFideId "12974706"]
[BlackEloChange "5"]

1. e4 {[%clk 1:30:52]} c5 {[%clk 1:30:58]} 2. Nf3 {[%clk 1:31:02]} d6 {[%clk
1:31:25]} 3. Bb5+ {[%clk 1:31:13]} Bd7 {[%clk 1:31:51]} 4. Bxd7+ {[%clk 1:31:14]}
Qxd7 {[%clk 1:32:17]} 5. c4 {[%clk 1:31:06]} g6 {[%clk 1:32:43]} 6. Nc3 {[%clk
1:30:18]} Bg7 {[%clk 1:33:01]} 7. d4 {[%clk 1:30:07]} cxd4 {[%clk 1:33:24]} 8.
Nxd4 {[%clk 1:30:28]} Nf6 {[%clk 1:33:46]} 9. f3 {[%clk 1:30:11]} Nc6 {[%clk
1:33:48]} 10. Be3 {[%clk 1:30:18]} O-O {[%clk 1:34:08]} 11. O-O {[%clk 1:29:26]}
Rac8 {[%clk 1:33:42]} 12. b3 {[%clk 1:29:16]} a6 {[%clk 1:33:31]} 13. Rc1 {[%clk
1:29:19]} Rb8 {[%clk 1:31:55]} 14. Qd2 {[%clk 1:28:45]} Rfc8 {[%clk 1:31:06]} 15.
Rfd1 {[%clk 1:27:34]} Ne5 {[%clk 1:22:28]} 16. Nd5 {[%clk 1:09:13]} Nxd5 {[%clk
1:18:43]} 17. cxd5 {[%clk 1:08:44]} Qd8 {[%clk 1:18:12]} 18. Rxc8 {[%clk
1:08:44]} 1/2-1/2

[Event "9th Vellmar Chess Days"]
[Site "chess24.com"]
[Date "2017.07.16"]
[Round "7"]
[White "Kanbach, Mike"]
[Black "Zell, Daniel"]
[Result "0-1"]
[Board "33"]
[WhiteElo "1846"]
[WhiteCountry "GER"]
[WhiteFideId "12974536"]
[WhiteEloChange "-7"]
[BlackElo "1938"]
[BlackCountry "GER"]
[BlackFideId "12937940"]
[BlackEloChange "7"]

1. Nf3 {[%clk 1:30:56]} d5 {[%clk 1:30:52]} 2. d4 {[%clk 1:31:17]} Nc6 {[%clk
1:31:08]} 3. e3 {[%clk 1:31:07]} Nf6 {[%clk 1:31:27]} 4. Bb5 {[%clk 1:30:40]} e6
{[%clk 1:30:45]} 5. O-O {[%clk 1:28:40]} Bd6 {[%clk 1:31:05]} 6. c4 {[%clk
1:28:59]} dxc4 {[%clk 1:31:13]} 7. Bxc6+ {[%clk 1:29:04]} bxc6 {[%clk 1:31:34]}
8. Qa4 {[%clk 1:29:20]} Bb7 {[%clk 1:30:34]} 9. Qxc4 {[%clk 1:29:36]} O-O {[%clk
1:30:58]} 10. Nbd2 {[%clk 1:27:06]} Nd7 {[%clk 1:30:59]} 11. b3 {[%clk 1:22:58]}
a5 {[%clk 1:30:45]} 12. Re1 {[%clk 1:19:51]} c5 {[%clk 1:29:53]} 13. e4 {[%clk
1:06:01]} Ba6 {[%clk 1:26:25]} 14. Qc2 {[%clk 1:00:34]} cxd4 {[%clk 1:26:31]} 15.
Nxd4 {[%clk 0:59:09]} Ne5 {[%clk 1:20:42]} 16. N4f3 {[%clk 0:50:11]} Nd3 {[%clk
1:17:16]} 17. Re3 {[%clk 0:48:43]} Bf4 {[%clk 1:16:46]} 18. Nc4 {[%clk 0:46:28]}
Bxe3 {[%clk 1:15:04]} 19. Bxe3 {[%clk 0:46:18]} Nb4 {[%clk 1:15:17]} 20. Qc1
{[%clk 0:43:47]} Bxc4 {[%clk 1:14:20]} 21. Qxc4 {[%clk 0:41:38]} Qd3 {[%clk
1:14:05]} 22. Qxc7 {[%clk 0:37:21]} Qxe4 {[%clk 1:14:04]} 23. Rd1 {[%clk
0:31:12]} Qc2 {[%clk 1:12:08]} 24. Qd7 {[%clk 0:26:57]} Qxa2 {[%clk 1:11:34]} 25.
Bc5 {[%clk 0:26:08]} Qxb3 {[%clk 1:07:44]} 26. Bxf8 {[%clk 0:20:36]} Rxf8 {[%clk
1:08:13]} 27. Ng5 {[%clk 0:17:54]} h6 {[%clk 1:06:37]} 28. Ne4 {[%clk 0:16:33]}
Nd5 {[%clk 1:05:29]} 29. Rf1 {[%clk 0:16:29]} Qb4 {[%clk 1:01:36]} 30. Nd6 {[%clk
0:14:25]} a4 {[%clk 0:59:14]} 31. Nxf7 {[%clk 0:14:25]} Rxf7 {[%clk 0:59:14]} 32.
Qe8+ {[%clk 0:13:14]} Qf8 {[%clk 0:59:42]} 33. Qxe6 {[%clk 0:13:38]} Nf4 {[%clk
0:59:34]} 34. Qc4 {[%clk 0:12:25]} Qa8 {[%clk 0:59:42]} 35. f3 {[%clk 0:12:29]}
Qa7+ {[%clk 0:58:32]} 36. Kh1 {[%clk 0:12:43]} a3 {[%clk 0:57:59]} 37. Re1 {[%clk
0:12:23]} Kh7 {[%clk 0:57:01]} 38. Qc2+ {[%clk 0:12:30]} g6 {[%clk 0:57:20]} 39.
Qa2 {[%clk 0:11:16]} Re7 {[%clk 0:56:13]} 40. Rd1 {[%clk 0:09:31]} Qe3 {[%clk
0:55:46]} 41. Qa1 {[%clk 0:09:30]} Qe2 {[%clk 0:55:20]} 0-1

[Event "9th Vellmar Chess Days"]
[Site "chess24.com"]
[Date "2017.07.16"]
[Round "7"]
[White "Kirchner, Markus"]
[Black "Schubert, Matthias"]
[Result "1-0"]
[Board "35"]
[WhiteElo "1820"]
[WhiteCountry "GER"]
[WhiteFideId "12979163"]
[WhiteEloChange "13"]
[BlackElo "1916"]
[BlackCountry "GER"]
[BlackFideId "24661139"]
[BlackEloChange "-13"]

1. e4 {[%clk 1:30:42]} e6 {[%clk 1:30:30]} 2. d4 {[%clk 1:31:00]} d5 {[%clk
1:30:52]} 3. Nd2 {[%clk 1:31:17]} Nf6 {[%clk 1:31:05]} 4. e5 {[%clk 1:31:37]}
Nfd7 {[%clk 1:31:28]} 5. f4 {[%clk 1:31:59]} c5 {[%clk 1:31:50]} 6. c3 {[%clk
1:32:18]} Nc6 {[%clk 1:32:12]} 7. Ndf3 {[%clk 1:32:40]} cxd4 {[%clk 1:31:44]} 8.
cxd4 {[%clk 1:32:55]} Qb6 {[%clk 1:31:45]} 9. Ne2 {[%clk 1:32:58]} Be7 {[%clk
1:30:38]} 10. g3 {[%clk 1:33:02]} O-O {[%clk 1:28:51]} 11. Kf2 {[%clk 1:33:22]}
f6 {[%clk 1:27:09]} 12. Kg2 {[%clk 1:33:04]} fxe5 {[%clk 1:24:51]} 13. fxe5
{[%clk 1:33:21]} Kh8 {[%clk 1:02:10]} 14. Nf4 {[%clk 1:30:26]} Ndxe5 {[%clk
0:51:54]} 15. Nxe5 {[%clk 1:27:41]} Nxe5 {[%clk 0:51:39]} 16. dxe5 {[%clk
1:26:46]} g5 {[%clk 0:48:02]} 17. Qh5 {[%clk 1:22:00]} Rxf4 {[%clk 0:37:26]} 18.
gxf4 {[%clk 1:19:24]} Bc5 {[%clk 0:27:55]} 19. Bd3 {[%clk 1:14:18]} Qc7 {[%clk
0:27:48]} 20. fxg5 {[%clk 1:13:46]} b6 {[%clk 0:26:51]} 21. Rf1 {[%clk 1:11:02]}
Bb7 {[%clk 0:26:06]} 22. Rf7 {[%clk 1:10:07]} d4+ {[%clk 0:25:37]} 23. Kh3 {[%clk
1:10:07]} 1-0

[Event "9th Vellmar Chess Days"]
[Site "chess24.com"]
[Date "2017.07.16"]
[Round "7"]
[White "Modric, Vladimir"]
[Black "Koronowski, Heinz-Juergen"]
[Result "1/2-1/2"]
[Board "36"]
[WhiteElo "1903"]
[WhiteCountry "GER"]
[WhiteFideId "24628654"]
[WhiteEloChange "-4"]
[BlackElo "1753"]
[BlackCountry "GER"]
[BlackFideId "12943762"]
[BlackEloChange "4"]

1. Nf3 {[%clk 1:30:53]} Nf6 {[%clk 1:30:55]} 2. g3 {[%clk 1:31:09]} g6 {[%clk
1:31:19]} 3. Bg2 {[%clk 1:31:28]} Bg7 {[%clk 1:31:43]} 4. O-O {[%clk 1:31:21]} d5
{[%clk 1:31:24]} 5. d3 {[%clk 1:29:17]} O-O {[%clk 1:31:21]} 6. Nbd2 {[%clk
1:28:33]} c6 {[%clk 1:30:00]} 7. c3 {[%clk 1:27:44]} Nbd7 {[%clk 1:29:58]} 8. Qc2
{[%clk 1:25:49]} Qc7 {[%clk 1:21:58]} 9. e4 {[%clk 1:24:19]} dxe4 {[%clk
1:20:25]} 10. dxe4 {[%clk 1:24:29]} Ne5 {[%clk 1:19:50]} 11. Re1 {[%clk 1:16:15]}
Nxf3+ {[%clk 1:14:38]} 12. Nxf3 {[%clk 1:14:54]} e5 {[%clk 1:14:59]} 13. Be3
{[%clk 1:12:35]} Bg4 {[%clk 1:12:04]} 14. h3 {[%clk 1:11:46]} Bxf3 {[%clk
1:12:04]} 15. Bxf3 {[%clk 1:12:10]} Rfd8 {[%clk 1:12:28]} 16. Red1 {[%clk
1:08:55]} b6 {[%clk 1:12:26]} 17. a4 {[%clk 1:07:07]} Rxd1+ {[%clk 1:11:14]} 18.
Rxd1 {[%clk 1:04:17]} Rd8 {[%clk 1:11:28]} 19. Rxd8+ {[%clk 1:02:55]} Qxd8 {[%clk
1:11:52]} 20. a5 {[%clk 0:59:00]} Bf8 {[%clk 1:08:02]} 21. axb6 {[%clk 0:55:41]}
axb6 {[%clk 1:08:31]} 22. Qa4 {[%clk 0:53:03]} c5 {[%clk 1:02:58]} 23. Qc6 {[%clk
0:44:59]} Qd6 {[%clk 1:02:38]} 24. Qxd6 {[%clk 0:44:25]} Bxd6 {[%clk 1:03:05]}
25. Bg5 {[%clk 0:39:30]} Kg7 {[%clk 1:03:04]} 26. c4 {[%clk 0:39:30]} h6 {[%clk
1:03:13]} 27. Bd2 {[%clk 0:38:13]} g5 {[%clk 1:02:19]} 28. Kf1 {[%clk 0:35:04]}
Kg6 {[%clk 1:01:35]} 29. Ke2 {[%clk 0:34:32]} h5 {[%clk 1:01:23]} 30. Kd3 {[%clk
0:33:52]} Ne8 {[%clk 0:59:44]} 1/2-1/2

[Event "9th Vellmar Chess Days"]
[Site "chess24.com"]
[Date "2017.07.16"]
[Round "7"]
[White "Held, Maurice"]
[Black "Verhoef, Ruud"]
[Result "1/2-1/2"]
[Board "38"]
[WhiteElo "1819"]
[WhiteCountry "GER"]
[WhiteFideId "12952761"]
[WhiteEloChange "2"]
[BlackElo "1890"]
[BlackCountry "NED"]
[BlackFideId "1040774"]
[BlackEloChange "-2"]

1. c4 {[%clk 1:30:30]} Nf6 {[%clk 1:30:30]} 2. g3 {[%clk 1:30:30]} g6 {[%clk
1:30:30]} 3. Bg2 {[%clk 1:30:30]} c6 {[%clk 1:30:30]} 4. d4 {[%clk 1:30:30]} d5
{[%clk 1:30:30]} 5. b3 {[%clk 1:30:30]} Bg7 {[%clk 1:30:30]} 6. Bb2 {[%clk
1:30:30]} O-O {[%clk 1:30:30]} 7. Nf3 {[%clk 1:30:30]} Ne4 {[%clk 1:30:30]} 8.
O-O {[%clk 1:30:30]} Nd7 {[%clk 1:30:30]} 9. Nbd2 {[%clk 1:30:30]} Ndf6 {[%clk
1:30:30]} 10. Nxe4 {[%clk 1:30:30]} Nxe4 {[%clk 1:30:30]} 11. Nd2 {[%clk
1:30:30]} Nxd2 {[%clk 1:30:30]} 12. Qxd2 {[%clk 1:30:30]} Be6 {[%clk 1:30:30]}
13. Rac1 {[%clk 1:30:30]} Qd7 {[%clk 1:30:30]} 14. Rfd1 {[%clk 1:30:30]} Rac8
{[%clk 1:30:30]} 15. e3 {[%clk 1:30:30]} h5 {[%clk 1:30:30]} 16. cxd5 {[%clk
1:30:30]} cxd5 {[%clk 1:30:30]} 17. h4 {[%clk 1:30:30]} 1/2-1/2

[Event "9th Vellmar Chess Days"]
[Site "chess24.com"]
[Date "2017.07.16"]
[Round "7"]
[White "Fischer, Andreas"]
[Black "Helmer, Jan"]
[Result "0-1"]
[Board "39"]
[WhiteElo "1811"]
[WhiteCountry "GER"]
[WhiteFideId "1270053"]
[WhiteEloChange "-8"]
[BlackElo "1889"]
[BlackCountry "GER"]
[BlackFideId "12956686"]
[BlackEloChange "8"]

1. e4 {[%clk 1:30:52]} e6 {[%clk 1:30:58]} 2. d4 {[%clk 1:29:52]} d5 {[%clk
1:31:27]} 3. Nc3 {[%clk 1:30:07]} Nf6 {[%clk 1:31:23]} 4. Bg5 {[%clk 1:30:03]}
dxe4 {[%clk 1:31:37]} 5. Nxe4 {[%clk 1:28:34]} Be7 {[%clk 1:31:37]} 6. Nxf6+
{[%clk 1:28:43]} Bxf6 {[%clk 1:31:53]} 7. Bxf6 {[%clk 1:28:57]} Qxf6 {[%clk
1:32:17]} 8. Nf3 {[%clk 1:28:56]} O-O {[%clk 1:32:13]} 9. Bd3 {[%clk 1:28:39]}
Nd7 {[%clk 1:30:15]} 10. h4 {[%clk 1:23:20]} h5 {[%clk 1:24:45]} 11. g4 {[%clk
1:17:21]} e5 {[%clk 1:17:22]} 12. Ng5 {[%clk 1:12:40]} Re8 {[%clk 1:12:23]} 13.
Bh7+ {[%clk 1:10:23]} Kh8 {[%clk 1:11:25]} 14. Qe2 {[%clk 1:07:28]} Nf8 {[%clk
1:06:05]} 15. Ne4 {[%clk 0:57:36]} Qf4 {[%clk 1:03:44]} 16. Bf5 {[%clk 0:55:21]}
Bxf5 {[%clk 1:03:47]} 17. gxf5 {[%clk 0:55:44]} Qxf5 {[%clk 1:03:26]} 18. O-O-O
{[%clk 0:55:01]} exd4 {[%clk 1:03:22]} 19. Rxd4 {[%clk 0:54:19]} c5 {[%clk
1:01:06]} 20. Rc4 {[%clk 0:51:37]} b5 {[%clk 1:01:13]} 21. Rxc5 {[%clk 0:50:56]}
Qxc5 {[%clk 1:01:15]} 0-1

[Event "9th Vellmar Chess Days"]
[Site "chess24.com"]
[Date "2017.07.16"]
[Round "7"]
[White "Wehr, Alexander"]
[Black "Tuhacek, Christian"]
[Result "0-1"]
[Board "40"]
[WhiteElo "1785"]
[WhiteCountry "GER"]
[WhiteFideId "24628913"]
[WhiteEloChange "-4"]
[BlackElo "2027"]
[BlackCountry "GER"]
[BlackFideId "24630748"]
[BlackEloChange "4"]

1. c4 {[%clk 1:30:08]} Nf6 {[%clk 1:30:38]} 2. Nc3 {[%clk 1:30:23]} d6 {[%clk
1:30:38]} 3. g3 {[%clk 1:30:38]} g6 {[%clk 1:30:52]} 4. Bg2 {[%clk 1:31:02]} Bg7
{[%clk 1:31:15]} 5. Nf3 {[%clk 1:31:12]} O-O {[%clk 1:31:28]} 6. O-O {[%clk
1:31:35]} c6 {[%clk 1:31:30]} 7. d4 {[%clk 1:30:46]} Nbd7 {[%clk 1:31:06]} 8. e4
{[%clk 1:27:07]} e5 {[%clk 1:28:37]} 9. dxe5 {[%clk 1:25:20]} dxe5 {[%clk
1:28:03]} 10. h3 {[%clk 1:25:06]} Qc7 {[%clk 1:24:34]} 11. Be3 {[%clk 1:25:09]}
h6 {[%clk 1:17:50]} 12. Qd2 {[%clk 1:23:38]} Kh7 {[%clk 1:17:07]} 13. Rad1 {[%clk
1:19:15]} Re8 {[%clk 1:16:20]} 14. Nh2 {[%clk 1:14:19]} Nh5 {[%clk 1:08:39]} 15.
Ne2 {[%clk 1:11:05]} Nb6 {[%clk 1:01:55]} 16. b3 {[%clk 1:09:30]} Be6 {[%clk
0:55:21]} 17. c5 {[%clk 1:05:29]} Nd7 {[%clk 0:50:48]} 18. g4 {[%clk 0:59:38]}
Nhf6 {[%clk 0:46:43]} 19. f4 {[%clk 0:57:33]} Nf8 {[%clk 0:40:51]} 20. f5 {[%clk
0:52:00]} Rad8 {[%clk 0:40:30]} 21. Qc1 {[%clk 0:51:16]} Bc8 {[%clk 0:38:36]} 22.
Rxd8 {[%clk 0:48:40]} Qxd8 {[%clk 0:36:37]} 23. Rd1 {[%clk 0:44:54]} Qa5 {[%clk
0:29:20]} 24. Qd2 {[%clk 0:42:29]} Qxd2 {[%clk 0:27:05]} 25. Rxd2 {[%clk
0:42:51]} N8d7 {[%clk 0:27:08]} 26. Nc3 {[%clk 0:42:32]} Bf8 {[%clk 0:26:21]} 27.
Na4 {[%clk 0:40:45]} Be7 {[%clk 0:25:16]} 28. Kf2 {[%clk 0:39:45]} Rd8 {[%clk
0:25:03]} 29. Kf3 {[%clk 0:39:53]} Nb8 {[%clk 0:24:29]} 30. Rxd8 {[%clk 0:40:03]}
Bxd8 {[%clk 0:24:51]} 31. Bf1 {[%clk 0:40:29]} Kg7 {[%clk 0:22:37]} 32. Bc4
{[%clk 0:38:47]} Nfd7 {[%clk 0:21:57]} 33. Nf1 {[%clk 0:37:13]} b5 {[%clk
0:21:38]} 34. cxb6 {[%clk 0:37:31]} axb6 {[%clk 0:21:57]} 35. Bd3 {[%clk
0:34:54]} Na6 {[%clk 0:19:16]} 36. Nd2 {[%clk 0:32:57]} Nb4 {[%clk 0:13:27]} 37.
Bb1 {[%clk 0:33:15]} b5 {[%clk 0:06:27]} 38. Nc5 {[%clk 0:28:11]} Nxc5 {[%clk
0:04:50]} 39. Bxc5 {[%clk 0:28:33]} Na6 {[%clk 0:04:16]} 40. b4 {[%clk 0:26:32]}
Nxc5 {[%clk 0:01:36]} 41. bxc5 {[%clk 0:26:52]} Ba5 {[%clk 0:00:44]} 42. Nb3
{[%clk 0:26:52]} Bb4 {[%clk 0:00:41]} 43. Bd3 {[%clk 0:25:05]} Kf6 {[%clk
0:30:38]} 44. Kg2 {[%clk 0:50:10]} Kg5 {[%clk 0:28:42]} 45. Kf3 {[%clk 0:49:15]}
Kh4 {[%clk 0:27:34]} 46. Kg2 {[%clk 0:46:48]} Bd7 {[%clk 0:27:40]} 47. Bf1 {[%clk
0:45:00]} Be8 {[%clk 0:27:43]} 48. Bd3 {[%clk 0:43:33]} f6 {[%clk 0:27:06]} 49.
Bc2 {[%clk 0:42:41]} Bf7 {[%clk 0:27:02]} 50. Bd1 {[%clk 0:40:55]} gxf5 {[%clk
0:23:56]} 51. gxf5 {[%clk 0:41:05]} Bc4 {[%clk 0:23:30]} 0-1

[Event "9th Vellmar Chess Days"]
[Site "chess24.com"]
[Date "2017.07.16"]
[Round "7"]
[White "Flach, Helene"]
[Black "Zaerban, Jan Christopher"]
[Result "1-0"]
[Board "41"]
[WhiteElo "1819"]
[WhiteCountry "GER"]
[WhiteFideId "12929735"]
[WhiteEloChange "12"]
[BlackElo "1890"]
[BlackCountry "GER"]
[BlackFideId "4660277"]
[BlackEloChange "-12"]

1. e4 {[%clk 1:30:58]} e6 {[%clk 1:30:35]} 2. d4 {[%clk 1:31:21]} d5 {[%clk
1:30:54]} 3. Nd2 {[%clk 1:31:44]} Nc6 {[%clk 1:30:32]} 4. Ngf3 {[%clk 1:31:42]}
Nf6 {[%clk 1:30:47]} 5. e5 {[%clk 1:31:49]} Nd7 {[%clk 1:31:04]} 6. c3 {[%clk
1:31:19]} f6 {[%clk 1:31:09]} 7. Bb5 {[%clk 1:30:45]} fxe5 {[%clk 1:30:03]} 8.
dxe5 {[%clk 1:31:04]} Be7 {[%clk 1:30:01]} 9. Nd4 {[%clk 1:28:47]} Ndxe5 {[%clk
1:21:32]} 10. f4 {[%clk 1:28:42]} a6 {[%clk 1:13:57]} 11. Qh5+ {[%clk 1:27:44]}
Kf8 {[%clk 1:04:00]} 12. fxe5 {[%clk 1:23:06]} Nxe5 {[%clk 0:43:32]} 13. Qxe5
{[%clk 1:20:04]} Bd6 {[%clk 0:38:58]} 14. Qh5 {[%clk 1:17:29]} 1-0